00512nam a22001697a 450000500170000001000160001702000260003303500140005903700090007308200110008224500690009325000110016226000420017327001030021530000210031870000030033920241213150923.0 aENG- 143051 c899.00a9789392568510 aEN-126586 bDBAD a370.15 aPsychological Perspectives of Education/cedited by Divya Sharma aFirst  aChhattisgarhbAditi Publicationc2023 bChhattisgarhk9425210308aOpp. New Panchajanya Vidya Mandir, Near Tiranga Chowk, Kushalpur, Raipur a379p.c21cm(pbk)